Guess the 1970s song lyrics #332 - Statistics

General Stats
  • This quiz has been taken 10 times
  • The average score is 141 of 200
Answer Stats
Answer % Correct
a
100%
I
100%
love
100%
To
100%
to
100%
and
89%
And
89%
be
89%
go
89%
her
89%
I'll
89%
in
89%
is
89%
it
89%
me
89%
no
89%
she
89%
She
89%
so
89%
all
78%
but
78%
by
78%
can
78%
Can
78%
could
78%
day
78%
do
78%
heart
78%
how
78%
How
78%
I'm
78%
life
78%
mine
78%
much
78%
my
78%
never
78%
now
78%
of
78%
say
78%
that
78%
That
78%
the
78%
The
78%
there
78%
this
78%
Where
78%
who
78%
With
78%
with
78%
around
67%
came
67%
for
67%
have
67%
into
67%
it's
67%
know
67%
start
67%
tell
67%
things
67%
time
67%
world
67%
about
56%
always
56%
away
56%
begin
56%
brings
56%
gave
56%
great
56%
hours
56%
last
56%
long
56%
made
56%
measured
56%
need
56%
soul
56%
story
56%
than
56%
truth
56%
another
44%
does
44%
fills
44%
hand
44%
Hello
44%
lonely
44%
meaning
44%
new
44%
reach
44%
sea
44%
she'll
44%
sweet
44%
angel's
33%
answers
33%
anywhere
33%
burn
33%
empty
33%
fine
33%
first
33%
imaginings
33%
living
33%
older
33%
simple
33%
songs
33%
special
33%
stars
33%
There'd
33%
til
33%
very
33%
wild
33%
answers
0%
No matching quizzes found
Score Distribution
Percent of People with Each Score
Percentile by Number Answered
Your Score History
You have not taken this quiz